000 00348nam a2200145Ia 4500
008 191201s2009 xx 000 0 und d
082 _a657
_bDOC
100 _aDUTTA,Manash
245 0 _aCost Accounting Principles and Practice
250 _a1st IMP
260 _aN. delhi
_bpearson
_c2009
300 _aMISC
650 _aBBA
942 _2ddc
_cBK
_01
999 _c4437
_d4437